000 00565nam a2200193Ia 4500
999 _c34403
_d34403
003 OSt
005 20200916145631.0
008 190216s9999||||xx |||||||||||||| ||und||
020 _a9789380578033
040 _coclc
082 _a530.15
_bMUK/M
100 _aMukhopadhyay, A K
_94640
245 0 _aMathematical Methods For Engineers And Physicists /
_cA K Mukhopadhyay
250 _a2nd Ed.
260 _bI.K.International,
_c2010.
_aNew Delhi:
300 _a1028p
650 _aPhysics
942 _cBK
_2ddc
_h530.15
_iMUK/M
_k530.15
_mMUK/M